000 00287nam a22001337a 4500
008 170831b xxu||||| |||| 00| 0 eng d
020 _a9780205290499
041 _aeng
080 _a070
100 _a40
101 _aMED
245 _aPUBLIC SPEAKING
_cZAREFSKY.D
942 _2udc
_cBK
999 _c25759
_d25759